01900nam a2200349 i 4500001001000000003000900010005001700019007000300036008004100039040003000080041000800110082002400118100004800142245011400190264004600304300004500350336002700395337003300422338002800455590002700483650005200510651007700562651007400639651008700713910003900800942001400839952014800853952013601001952014201137952025401279999001701533000025354DO-SdBNP20241121090125.0ta110215s1991 dr a 000 0 spa d aDO-SdBNPbspacBNPHUerda aspa 4a972.9381bC762h222 aContín Alfau, Melchoreautor4aut.95192213aEl Hato Mayor del Rey :breseña histórico-geográfica tradicional y religiosa /cMelchor Contín Alfau. 4aSanto Domingo :bEditora Taller,c©1991. a219 páginas :bilustraciones ;c21 cm. atextobtxt2rdacontent asin mediaciónbn2rdamedia avolumenbnc2rdacarrier aInventariado, 2024/ YL 4aCiudades y puebloszRepública Dominicana9784 4aHato Mayor Del Rey (República Dominicana{Rpara}xHistoria Local944106 4aHato Mayor Del Rey (República Dominicana{Rpara}xGeografía951923 4aHato Mayor Del Rey (República Dominicana{Rpara}xVida Social Y Costumbres951902 aValidado. Control de calidad BNPHU 2ddccLBS1 00102ddc56708DSaBNPHUbBNPHUcHDd2011-02-15l0oBNPHU DS 972.9381 C762hp25354-30r2020-06-25te. 3w2020-06-25yLBS1ZPréstamo en sala 00102ddc51708PDaBNPHUbBNPHUcHDd2011-02-15l0oBNPHU PD 972.9381 C762hp25354-10r2020-06-25w2020-06-25yLBS1ZNo se presta 00102ddc51708PDaBNPHUbBNPHUcHDd2011-02-15l0oBNPHU PD 972.9381 C762hp25354-20r2020-06-25te. 2w2020-06-25yLBS1ZNo se presta 00102ddc56708DSaBNPHUbBNPHUcHDd2023-12-01eDonado por la Presidencia de la República Dominicana 2023l0oBNPHU DS 972.9381 C762hp2024-6527r2024-11-20te. 4w2020-06-25yLBS1zPerteneció a la biblioteca personal de Emilio Cordero Michel c24846d24846